Languages of the world - Statistics

General Stats
  • This quiz has been taken 31 times
  • The average score is 32 of 197
Answer Stats
Country
Language % Correct
United Kingdom english
89%
Spain spanish
81%
France | Ivory Coast french
78%
Estonia estonian
74%
Finland finnish
74%
Latvia latvian
74%
Denmark danish
70%
Netherlands dutch
70%
Poland polish
70%
Sweden swedish
70%
Germany german
67%
Lithuania lithuanian
67%
Russia russian
67%
Norway norwegian
63%
Ukraine ukrainian
63%
Iceland icelandic
59%
Italy italian
48%
Saudi Arabia arabic
44%
Bulgaria bulgarian
41%
India hindi
41%
Hungary hungarian
41%
Japan japanese
41%
North Korea | South Korea korean
41%
China mandarin
41%
Romania romanian
41%
Moldova romanian(moldovan)
41%
Albania albanian
37%
Croatia croatian
37%
Philippines filipino
37%
Greece greek
37%
Malaysia malay
37%
Serbia serbian
37%
Vietnam vietnamese
37%
Bangladesh bengali
33%
Czechia czech
33%
Georgia georgian
33%
Slovakia slovak
33%
Israel hebrew
30%
Indonesia indonesian
30%
Mongolia mongolian
30%
Nepal nepali
30%
Samoa samoan
30%
Slovenia slovenian
30%
Turkey turkish
30%
Uzbekistan uzbek
30%
Bosnia And Herzegovina bosnian
26%
Myanmar burmese
26%
Cambodia khmer
26%
North Macedonia macedonian
26%
Palau palauan
26%
Thailand thai
26%
Tonga tongan
26%
Turkmenistan turkmen
26%
Tuvalu tuvaluan
26%
Bhutan dzongkha
22%
Fiji fijian
22%
Haiti haitian creole
22%
Kazakhstan kazakh
22%
Kyrgyzstan kyrgyz
22%
Laos lao
22%
Maldives maldivian
22%
Malta maltese
22%
Portugal portugese
22%
Pakistan punjabi
22%
Madagascar malagasy
19%
Montenegro montenegrin
19%
Nauru nauruan
19%
Sri Lanka sinhalese
19%
South Africa zulu
19%
Ethiopia amharic
15%
Afganistan dari
15%
Rwanda Kinyarwanda
15%
Burundi kirundi
15%
Seychelles Seychellois Creole
15%
Somalia somali
15%
Papua New Guinea Tok Pisin
15%
Vanuatu bislama
11%
Niger hausa
11%
Marshall Islands marshallese
11%
Tajikistan tajiki
11%
Timor Leste tetum
11%
Eritrea tigrinya
11%
Mali bambara
7%
Malawi chichewa
7%
Gabon fang
7%
Mauritius mauritian creole
7%
Central African Republic sango
7%
Zimbabwe shona
7%
Bahrain arabic (bahraini)
4%
Iraq arabic(iraqi)
4%
Jordan arabic (jordanian)
4%
Kuwait arabic (kuwaiti)
4%
Lebanon arabic (lebanese)
4%
Oman arabic (omani)
4%
Qatar arabic (qatari)
4%
Syria arabic(syrian)
4%
United Arab Emirates arabic (uae)
4%
Yemen arabic (yemeni)
4%
Dominican Republic dominican spanish
4%
United States Of America english (american)
4%
Australia english (australian)
4%
Canada english (canadian)
4%
Ireland english(irish)
4%
New Zealand english (new zealand)
4%
Monaco french(monaco)
4%
Austria german (austrian)
4%
Switzerland german (swiss)
4%
Vatican City italian (vatican)
4%
Sierra Leone krio
4%
Burkina Faso moore
4%
Botswana Setswana
4%
Costa Rica spanish (costa rican)
4%
Cuba spanish (cuban)
4%
Mexico spanish (mexican)
4%
Nicaragua spanish (nicaraguan)
4%
Panama spanish (panaman)
4%
Eswatini swati
4%
Algeria agerian arabic
0%
Kosovo albanian(kosovan)
0%
Armenia amenian
0%
Andorra andorran catalan
0%
Angola angolan portugese
0%
Palestine arabic (palestinian)
0%
Argentina argentinean spanish
0%
Azerbaijan azajbaijani
0%
The Bahamas bahamianese
0%
Barbados Barbadian english
0%
Benin benian french
0%
Bolivia bolivian spanish
0%
Brazil brazilian portugese
0%
Cameroon cameroonian french
0%
Cape Verde cape verdese portugese
0%
Chad chadian arabic
0%
Chile chilean spanish
0%
Colombia colombian spanish
0%
Republic of The Congo congon english
0%
Djibouti djiboutian arabic
0%
Democratic Republic Of The Congo drc swahili
0%
Belgium dutch(belgian)
0%
Ecuador ecuadorian english
0%
Egypt egyptian arabic
0%
Antigua And Barbuda english (antiguan)
0%
Dominica english (dominican)
0%
Grenada english (grenadian)
0%
Jamaica english (jamaican)
0%
Kiribati english (kiribati)
0%
Micronesia english (micro)
0%
St Kitts And Nevis english (stkitts)
0%
Equatorial Guinea equatorial guinean spanish
0%
Togo ewe and kabiye
0%
Luxembourg french(luxembourgish)
0%
The Gambia gambian english
0%
Liechtenstein german (liechtensteinian)
0%
Ghana ghanian english
0%
Cyprus greek(cypriot)
0%
Paraguay guarani and spanish
0%
Guinea guinean french
0%
Guinea Bissau guinean portugese
0%
Guyana Guyanese english
0%
San Marino italian (sanmarinish)
0%
Kenya kenyan swahili
0%
Liberia Liberian English
0%
Libya libyan arabic
0%
Brunei malay (bruneian
0%
Taiwan mandarin (chinese)
0%
Singapore mandarin (singaporian)
0%
Mauritania mauritanian arabic
0%
Morocco moroccon arabic
0%
Mozambique mozambiquian portugese
0%
Namibia namib english
0%
Nigeria nigerian english
0%
St Lucia Patwa
0%
Iran persian (irani)
0%
Peru peruvian english
0%
Belarus russian(belarusian)
0%
Sao Tome And Principe sao tomian portugese
0%
Senegal senegalian french
0%
Comoros shikomor
0%
Solomon Islands solomons pijin
0%
Lesotho southern sotho
0%
South Sudan south sudanain english
0%
Belize spanish (belizean)
0%
El Salvador spanish (el salvadoran)
0%
Guatemala spanish (guatemalan)
0%
Honduras spanish (honduran)
0%
Sudan sudanian arabic
0%
Suriname surinamese dutch
0%
Tanzania tanzanian swahili
0%
Trinidad And Tobago trinidad english
0%
Tunisia tunisian arabic
0%
Uganda ugandan swahili
0%
Uruguay uruguaian spanish
0%
Venezuela venezuelan spanish
0%
St Vincent And The Grenadines Vincentian Creole
0%
Zambia zambezi english
0%
No matching quizzes found
Score Distribution
Percent of People with Each Score
Percentile by Number Answered
Your Score History
You have not taken this quiz